[Event "2nd Ramco Technology Open 2019"]
[Site "Rajapalayam"]
[Date "2019.12.01"]
[Round "1.1"]
[White "Rengarajan, Srinivasan"]
[Black "Laxman, R.R."]
[Result "0-1"]
[WhiteElo "2126"]
[BlackElo "2444"]
[Annotator "TA"]
[PlyCount "66"]
[EventDate "2019.12.01"]
[EventType "swiss"]
[EventCountry "IND"]
[SourceTitle "playchess.com"]
[Source "ChessBase"]
[SourceQuality "1"]

{[%evp 10,78,-7,-14,2,-14,-8,-45,-23,-21,0,-26,-24,-29,-32,-56,-44,-62,-46,-54,-54,-46,-45,-54,-48,-61,-58,-67,-62,-62,-56,-197,-206,-311,-297,-312,-285,-293,-266,-274,-289,-346,-313,-302,-291,-420,-392,-429,-420,-510,-418,-633,-633,-676,-668,-677,-665,-663,-652,-677,-668,-671,-668,-730,-722,-834,-825,-839,-827,-29979,-29980]} 1. d4 Nf6 2. c4 e6 3. Nc3 Bb4 4. Bg5 h6 5. Bxf6 Qxf6 6. e3 O-O {E30: Nimzo-Indian: Leningrad Variation} 7. Nf3 (7. Nge2 {with more complications.} c6 8. a3 Ba5 9. c5 e5 10. d5) 7... c5 8. a3 (8. Rc1 cxd4 9. exd4 d5 10. cxd5 exd5 11. Be2 Bxc3+ 12. bxc3 Nc6 13. O-O b6 14. Re1 {1-0 (46) Mamedyarov,S (2809)-Nakamura,H (2787) Moscow 2018}) 8... Bxc3+ {Black is slightly better.} 9. bxc3 Nc6 10. Be2 d6 11. O-O e5 12. h3 $146 ({Predecessor:} 12. d5 Na5 13. Nd2 Bd7 {0-1 (68) Ivanovic,M (2008)-Vlatkovic,M (2326) Cetinje 2012}) 12... b6 13. a4 Ba6 14. d5 Na5 15. Nd2 Rae8 16. e4 Qg5 17. Kh1 g6 18. Nf3 Qe7 19. Nd2 Qh4 20. Nf3 (20. Kg1 $15) 20... Qxe4 $19 21. Nh2 (21. Bd3 $142 Qf4 22. g3) 21... Bxc4 22. Re1 Bxe2 ({Worse is} 22... Bxd5 23. Bf3 $16) 23. Rxe2 Qh4 24. f3 f5 25. Rb1 e4 26. Qe1 Qf4 27. g3 (27. fxe4 {keeps fighting.} Rxe4 28. Rxe4 fxe4 29. Qe2) 27... Qe5 28. Qd2 e3 29. Qe1 f4 30. Ng4 (30. gxf4 $142 Qxf4 31. Qg1) 30... Qxd5 31. Kg2 h5 32. Nh2 Nc4 33. Rd1 Qe5 {Played: Qd5-g5} 0-1

[Event "2nd Ramco Technology Open 2019"]
[Site "Rajapalayam"]
[Date "2019.12.01"]
[Round "1.2"]
[White "Harikrishnan.A.Ra"]
[Black "Jagendran Kamak N"]
[Result "1-0"]
[WhiteElo "2440"]
[BlackElo "1206"]
[Annotator "TA"]
[PlyCount "97"]
[EventDate "2019.12.01"]
[EventType "swiss"]
[EventCountry "IND"]
[SourceTitle "playchess.com"]
[Source "ChessBase"]
[SourceQuality "1"]

{[%evp 11,97,10,6,0,18,0,36,-8,11,0,0,7,20,16,14,24,30,7,40,27,70,80,76,75,102,97,88,93,111,114,108,116,159,121,206,194,202,119,223,235,241,226,233,220,276,240,243,240,245,248,310,310,313,292,288,292,484,470,708,705,695,695,695,679,651,613,633,538,519,440,423,434,570,558,556,568,712,688,991,897,5728,924,29986,29987,29997,29998,29998,29999]} 1. e4 e5 2. Nf3 Nc6 3. Bc4 Bc5 4. c3 Nf6 5. d3 h6 6. Bb3 d6 7. h3 {C54: Giuoco Piano: 4 c3 Nf6, main lines with 5 d4 and 5 d3} O-O 8. Nbd2 Be6 9. Bc2 {White is slightly better.} (9. Nf1 d5 10. Qe2 Na5 11. Bxd5 Bxd5 12. exd5 Nxd5 13. Ng3 Nc6 14. O-O Re8 15. Qe4 Nf6 16. Qe2 Nd5 17. Qe4 Nf6 {½-½ (17) Tiviakov,S (2611)-Safarli,E (2593) Minsk 2019}) 9... d5 10. O-O dxe4 11. dxe4 Qe7 12. b4 Bd6 13. Re1 $146 ({Predecessor:} 13. Qe2 a6 14. Nh4 Rfe8 15. a3 {0-1 (33) Iuldashev,A (1814)-Nurdinov,A Karakol 2017}) 13... a6 14. Qe2 Rad8 15. Nc4 Bxc4 16. Qxc4 Nd7 17. Be3 Nb6 18. Qe2 a5 19. a3 axb4 20. axb4 Ra8 21. Bb3 Kh8 22. Nh2 Qf6 (22... Nd7 $16 {might work better.} 23. Nf1 Rxa1 24. Rxa1 f5 25. exf5 Nd4 26. Bxd4 (26. cxd4 exd4 27. Be6 dxe3 $16) 26... exd4 27. Qxe7 Bxe7) 23. Ng4 Qg6 24. Qf3 (24. Bxb6 $18 cxb6 25. Red1) 24... Nd7 (24... h5 $16) 25. Rxa8 $18 Rxa8 26. Bxf7 Qh7 {next ...Rf8 is good for Black.} 27. Be6 Rf8 28. Qd1 Nf6 29. Nxf6 Rxf6 30. Bd5 Nd8 31. Qg4 Qg6 32. Qxg6 Rxg6 33. Ra1 c6 $2 {[#]} (33... Rf6 {was called for.} 34. Ra7 b6) 34. Ra8 Be7 (34... Bc7 $142 35. Bb3 Rd6) 35. Bc5 Bg5 36. Bf7 Kh7 37. Bxg6+ Kxg6 {[%mdl 4096] Endgame KRB-KBN} 38. Bb6 Ne6 39. Rb8 Bd2 40. c4 Bxb4 41. Rxb7 c5 42. Bc7 Bc3 43. h4 Bd4 44. g3 Nxc7 45. Rxc7 Kh5 46. Kg2 (46. Rxg7 $142 Bxf2+ 47. Kh2) 46... g5 47. Rg7 {White mates.} g4 48. f3 {[%mdl 64] [#] Overworked Piece} gxf3+ 49. Kh3 {Accuracy: White = 71%, Black = 25%.} 1-0

[Event "2nd Ramco Technology Open 2019"]
[Site "Rajapalayam"]
[Date "2019.12.01"]
[Round "1.3"]
[White "Ismail.k.p"]
[Black "Muthaiah AL"]
[Result "0-1"]
[WhiteElo "1603"]
[BlackElo "2363"]
[Annotator "TA"]
[PlyCount "32"]
[EventDate "2019.12.01"]
[EventType "swiss"]
[EventCountry "IND"]
[SourceTitle "playchess.com"]
[Source "ChessBase"]
[SourceQuality "1"]

{[%evp 9,32,-37,18,0,0,0,-16,-73,-32,-122,-150,-128,-145,-423,-422,-457,-464,-529,-534,-640,-575,-629,-614,-656,-664]} 1. e4 c6 2. d4 d5 3. Nc3 g6 4. e5 Bg7 5. g4 (5. f4 Nh6 6. Nf3 O-O 7. h3 Nf5 8. Bd3 Ng3 9. Rg1 f5 10. Bd2 b6 11. Nh2 c5 12. Be3 cxd4 13. Bxd4 Nc6 14. Nf3 Bb7 {1-0 (64) Jones,G (2682)-Howell,D (2696) London 2018}) 5... Nh6 (5... c5 $15) 6. Be2 {B15: Caro-Kann: 3 Nc3: 3...g6 and 3...dxe4 4 Nxe4 Nf6 5 Nxf6+ exf6} f6 7. f4 fxe5 $146 ({Predecessor:} 7... O-O 8. Be3 c5 9. dxc5 fxe5 10. Qxd5+ Qxd5 11. Nxd5 Nxg4 12. Nxe7+ Kf7 13. Nxc8 Nxe3 14. Nd6+ {½-½ (116) Smerdon,D (2506)-Wirig,A (2490) Germany 2015}) 8. fxe5 (8. dxe5 $11 {keeps the balance.} Qb6 9. h3) 8... c5 9. Bxh6 (9. dxc5 $15 d4 10. Nb5) 9... Bxh6 $17 10. dxc5 {[#]} d4 $1 {[%cal Rd4c3]} 11. Bb5+ $2 {[%mdl 8192]} (11. Nb5 $17 Qa5+ 12. c3 dxc3 13. Nxc3) 11... Nc6 $19 {Black is clearly winning.} 12. Bxc6+ bxc6 13. Ne4 Qd5 14. Qe2 {[#]} Ba6 $1 {[%mdl 512]} 15. Qg2 (15. Qxa6 Qxe4+) 15... d3 {aiming for ...dxc2.} 16. g5 {[#]} Bxg5 $1 {[%mdl 576] Pin} 0-1

[Event "2nd Ramco Technology Open 2019"]
[Site "Rajapalayam"]
[Date "2019.12.01"]
[Round "1.4"]
[White "Senthil Maran K"]
[Black "Udagedara, Sandali Kanishka"]
[Result "1-0"]
[WhiteElo "2312"]
[BlackElo "1516"]
[Annotator "TA"]
[PlyCount "83"]
[EventDate "2019.12.01"]
[EventType "swiss"]
[EventCountry "IND"]
[SourceTitle "playchess.com"]
[Source "ChessBase"]
[SourceQuality "1"]

{[%evp 9,85,-2,31,29,22,29,34,28,41,40,41,46,50,50,50,50,50,43,45,45,50,41,41,43,50,36,50,17,14,4,105,121,143,120,146,139,144,129,139,143,203,191,227,225,336,354,348,341,379,384,387,378,737,753,1435,1433,1427,1427,1306,1266,1118,1139,1399,1328,1304,1282,1145,1254,1529,1630,1620,1560,29982,29983,29967,6257,29989,29988]} 1. d4 d5 2. c4 c6 3. Nf3 Nf6 4. Qb3 dxc4 5. Qxc4 Qd5 (5... Bf5 {looks sharper.} 6. e3 Nbd7 7. Nbd2 Qc7 8. Nh4 Nb6) (5... Bf5 6. g3 e6 7. Bg2 Nbd7 8. O-O Be7 9. Nc3 O-O 10. Bf4 Rc8 11. a3 h6 12. Rfd1 Qb6 13. b4 Nd5 14. e4 Nxc3 15. exf5 Nxd1 16. fxe6 Nb2 17. Qb3 fxe6 18. Qxe6+ {1-0 (38) Fedoseev,V (2718)-Bu,X (2722) Hengshui 2019}) 6. e3 {D23: Queen's Gambit Accepted: 3 Nf3 Nf6 sidelines} Qxc4 7. Bxc4 Bf5 8. Nc3 {White is slightly better.} h6 9. Ne5 e6 10. f3 Nbd7 $146 ({Predecessor:} 10... Nfd7 11. Nxd7 Nxd7 12. e4 Bg6 13. Be3 {1-0 (48) Georgiev,V (2531)-Galvez Dastin,E (2191) Alajuela 2008}) 11. e4 Bh7 12. Nxd7 Nxd7 13. Be3 Be7 14. Kf2 O-O 15. Rhd1 Rfd8 16. Rac1 a6 17. Bb3 Rac8 18. Na4 b5 19. Nc5 Bxc5 (19... Nxc5 $11 {remains equal.} 20. dxc5 Bf6) 20. dxc5 $16 Ne5 {Threatening ...Nd3+.} 21. Ke2 Kf8 22. Bf4 Ng6 23. Bd6+ Ke8 24. a4 e5 (24... Ra8 $16 25. Ke3 Bg8) 25. g3 $18 h5 26. Ke3 Rd7 (26... Bg8 {was necessary.} 27. Ra1 Ra8) 27. axb5 axb5 28. Ra1 Rcd8 29. Ra6 Rc8 30. Rda1 Ne7 $2 (30... Bg8 31. Ra8 Rxa8 32. Rxa8+ Rd8) 31. Ra7 Rcd8 32. Rxd7 {[%mdl 64] Overworked Piece} Rxd7 33. Ra8+ Rd8 {[#]} 34. Bxf7+ $1 {[%mdl 576] Deflection} Kxf7 35. Rxd8 {[%mdl 4096] Endgame KRB-KBN} Ng6 36. Rd7+ Kf6 37. Rc7 Bg8 38. Rxc6 Be6 39. f4 exf4+ 40. gxf4 Ne7 41. e5+ Kf7 {[#]} 42. Bxe7 {Played: Rc6-c7} 1-0

[Event "2nd Ramco Technology Open 2019"]
[Site "Rajapalayam"]
[Date "2019.12.01"]
[Round "1.5"]
[White "Borkar, Yashwant"]
[Black "Lokesh, N.."]
[Result "0-1"]
[WhiteElo "1528"]
[BlackElo "2238"]
[Annotator "TA"]
[PlyCount "52"]
[EventDate "2019.12.01"]
[EventType "swiss"]
[EventCountry "IND"]
[SourceTitle "playchess.com"]
[Source "ChessBase"]
[SourceQuality "1"]

{[%evp 12,51,25,10,21,-13,7,-11,11,18,27,-9,-20,-22,-15,-100,-102,-152,-164,-117,-106,-115,-14,-1,-54,-180,-168,-251,-247,-237,-226,-384,-378,-497,-552,-1202,-1177,-1295,-1157,-1153,-1139,-29999]} 1. e4 c5 2. Nf3 e6 3. d4 cxd4 4. Nxd4 a6 5. Nc3 Qc7 6. a3 Nf6 7. Bd3 b5 {B43: Sicilian: Kan Variation: 5 Nc3} 8. Bd2 (8. Nb3 Bb7 9. Qe2 Nc6 10. Be3 Ne5 11. f4 Nc4 12. Bxc4 bxc4 13. Nd2 Rc8 14. O-O Bc5 15. Kh1 Bxe3 16. Qxe3 {½-½ (67) Mezentsev,I (2298)-Markov,M (2368) Almaty 2019}) 8... Bb7 9. O-O Bc5 {The position is equal.} 10. Nb3 Ba7 11. Bg5 Nc6 12. Kh1 $146 ({Predecessor:} 12. Qd2 Ng4 13. Bf4 Nge5 14. Rad1 d6 15. Bxb5 axb5 16. Nxb5 {0-1 (45) Damceski,M (2045)-Petkovski,V (2185) Struga 2008}) 12... h5 $36 {[%mdl 2048] Black has good play.} 13. f4 (13. Qd2 $11 {remains equal.}) 13... Ng4 $17 14. Qf3 f6 15. Bh4 O-O-O 16. Bg3 {[#]} g5 ({Black should play} 16... h4 $1 $17 {[%cal Rh4g3]} 17. Qxg4 {[%mdl 64] Double Attack} hxg3 18. Qxg3 {[#]} g5 $1 {[%mdl 512]}) 17. fxg5 $11 Nce5 18. Qe2 ({White has to play} 18. gxf6 $15 Nxf3 19. Bxc7 Kxc7 20. Rxf3) 18... fxg5 $19 19. h3 (19. Bxb5 $142 axb5 20. Nxb5) 19... h4 20. Bxe5 Nxe5 21. Rad1 $2 (21. Bxb5 axb5 22. Nxb5) 21... Bb8 22. Kg1 Ng6 {...Qh2+ is the strong threat.} ({Less strong is} 22... Nxd3 23. Rxd3 Rhf8 24. Rdf3 $17) 23. Rf6 Qh2+ 24. Kf1 Qh1+ 25. Kf2 Ba7+ 26. Kf3 Ne5# {Accuracy: White = 29%, Black = 54%.} 0-1

[Event "2nd Ramco Technology Open 2019"]
[Site "Rajapalayam"]
[Date "2019.12.01"]
[Round "2.1"]
[White "Laxman, R.R."]
[Black "Manika, Kesavan"]
[Result "1-0"]
[WhiteElo "2444"]
[BlackElo "1431"]
[Annotator "TA"]
[PlyCount "119"]
[EventDate "2019.12.01"]
[EventType "swiss"]
[EventCountry "IND"]
[SourceTitle "playchess.com"]
[Source "ChessBase"]
[SourceQuality "1"]

{[%evp 12,119,22,18,53,52,58,48,75,59,74,67,87,97,158,122,137,117,129,82,112,68,86,93,112,89,99,102,210,204,202,205,189,112,106,97,104,97,104,93,90,65,62,29,67,43,54,44,104,112,100,109,195,0,122,131,150,145,326,341,355,331,825,808,29976,854,737,0,29976,29977,1497,582,559,545,521,454,470,463,429,431,508,496,595,571,711,714,693,681,847,798,681,660,658,663,792,794,792,753,779,797,777,777,733,724,1180,1326,1319,1292,1362,1292]} 1. d4 Nf6 2. Nf3 g6 3. Nbd2 Bg7 4. e4 d6 5. Bd3 O-O 6. O-O Nbd7 7. c3 Qe8 $146 {B07: Pirc Defence: Miscellaneous Systems} ({Predecessor:} 7... e5 8. Re1 Re8 9. Nf1 a6 10. Ng3 b5 11. a4 Rb8 12. axb5 axb5 13. b4 c6 14. h3 Qc7 15. Be3 Nb6 16. Qc1 {½-½ (16) Vorontsov,P (2539)-Baryshpolets,A (2592) Costa Mesa 2017}) 8. a4 e5 9. a5 a6 {White is slightly better.} 10. Re1 Qe7 11. Nc4 {[%cal Bd2c4,Bc4e3,Be3d5][%mdl 32]} Ne8 12. Bg5 f6 (12... Nef6 $142) 13. Bh4 Kh8 14. Qc2 Qf7 15. Rad1 Nb8 16. Ne3 Nc6 17. Bc4 Qe7 18. Nd5 Qd7 19. b4 f5 (19... Bh6 $16) 20. dxe5 $1 $18 Bxe5 21. Nxe5 Nxe5 22. Bb3 (22. Be7 $1 $18 {[%cal Re7f8]} Rf7 23. exf5) 22... f4 $16 23. f3 {Strongly threatening Be7.} g5 24. Bf2 $1 Qg7 25. Bd4 g4 26. fxg4 Bxg4 27. Rd2 f3 $1 28. Rf2 $36 {[%mdl 2048] White is pushing.} Nf6 29. Ne3 fxg2 (29... Rae8 $14) 30. Bxe5 $1 dxe5 31. Rxg2 {And now h3! would win.} Qd7 (31... Qg5 $16) 32. Rg3 $2 (32. Nxg4 $18 Nxg4 33. Qe2) 32... h5 (32... Be6 $11 {remains equal.} 33. Bxe6 Qxe6) 33. Qg2 Qh7 34. h3 ({Resist} 34. Nxg4 $6 hxg4 35. Bd1 Rg8 $11) 34... Nxe4 $2 (34... Bd7 $16) 35. hxg4 $18 Nxg3 36. Qxg3 Qg7 $2 (36... Rae8 37. Re2 h4) 37. Kg2 {Rh1! is the strong threat.} Kh7 {[#]} 38. Bc2+ (38. Rh1 $142 $1 Kg6 39. Rxh5 Qf6 40. Bc2+ Kg7 41. Nf5+ Kf7 42. Bb3+ Ke8 43. Rh6 {[%mdl 64] Overworked Piece} Qxh6 44. Qxe5+ {[%mdl 64] Double Attack} Kd8 45. Qe7+ Kc8 46. Nxh6) 38... Kg8 39. Bb3+ (39. Nf5 $18 Rxf5 40. Bxf5) 39... Kh7 $1 {[#]} 40. Rh1 $1 Kg6 41. gxh5+ (41. Rxh5 $142 {White wants to mate with Qh4.} Qf6 42. Bc2+ Kf7 {[#]} 43. Rf5 $1 {[%mdl 512]}) 41... Kh7 42. Bc2+ Kh8 43. Qxg7+ Kxg7 44. Nf5+ Kh8 45. Kf3 Rad8 46. Ke3 Rde8 47. Be4 Rf6 48. h6 Rg8 49. Rd1 Rf7 50. Rd5 Re8 51. Ng7 Ref8 52. Rxe5 c6 53. Nf5 Rf6 54. Ne7 Rd8 55. Ng6+ Kh7 56. Re7+ {[%mdl 64] Double Attack} Kxh6 57. Ne5 Rg8 58. Rh7+ Kg5 59. Nf7+ Kg4 60. Nh6+ {[%mdl 64] Discovered Attack. Accuracy: White = 60%, Black = 41%.} 1-0

[Event "2nd Ramco Technology Open 2019"]
[Site "Rajapalayam"]
[Date "2019.12.01"]
[Round "2.2"]
[White "Jeyanth R"]
[Black "Harikrishnan.A.Ra"]
[Result "0-1"]
[WhiteElo "1425"]
[BlackElo "2440"]
[Annotator "TA"]
[PlyCount "96"]
[EventDate "2019.12.01"]
[EventType "swiss"]
[EventCountry "IND"]
[SourceTitle "playchess.com"]
[Source "ChessBase"]
[SourceQuality "1"]

{[%evp 24,96,36,-23,-16,-26,35,7,33,31,18,-59,-47,-58,-48,-60,-60,-64,-29,-61,-50,-50,-50,-98,-26,-23,-20,-22,-23,-71,-69,-130,-141,-133,-129,-252,-224,-265,-265,-319,-313,-369,-377,-381,-376,-396,-402,-502,-451,-502,-494,-487,-468,-450,-297,-446,-389,-674,-646,-883,-862,-1051,-888,-2214,-1989,-1964,-1976,-1671,-1635,-6087,-6113,-5800,-5659,-5683,-5631]} 1. d4 Nf6 2. c4 Nc6 3. Nf3 e6 4. g3 Bb4+ 5. Bd2 Qe7 6. Bg2 Bxd2+ 7. Nbxd2 d6 8. e4 e5 9. d5 Nb8 10. O-O a5 11. Ne1 O-O 12. Nd3 Na6 13. f4 (13. a3 $14) 13... exf4 $11 {E11: Bogo-Indian} (13... Nd7 14. a3 Nac5 15. Nxc5 dxc5 16. Qc2 Ra6 17. Qc3 a4 18. Rae1 Re8 19. Nf3 Rb6 20. Rf2 Rb3 21. Qa5 exf4 22. gxf4 Nb6 23. Rc2 Bh3 24. Qd2 Bxg2 25. Kxg2 Qd7 26. f5 f6 27. Qf2 Qe7 28. e5 {½-½ (28) Gleizerov,E (2569)-Cvek,R (2549) Brno 2012}) 14. gxf4 Nd7 (14... Bg4 $11 15. Qe1 Rfe8) 15. Qf3 Nac5 {The position is equal.} 16. Nxc5 $146 ({Predecessor:} 16. Rae1 a4 17. Nxc5 Nxc5 18. Qc3 b5 19. cxb5 Bd7 20. Re3 Bxb5 21. Rff3 Rab8 22. e5 Rfe8 23. Rg3 g6 24. Nf3 Bd7 25. Nd4 Qf8 26. e6 fxe6 27. dxe6 {1-0 (27) Pantev,V (2381)-Panbukchian,V (2313) Plovdiv 2009}) 16... Nxc5 17. Nb3 (17. Qc3 $11) 17... Nxb3 $1 $15 18. Qxb3 f5 19. Rae1 {[%cal Ba1e1,Be1e2,Be2g2,Bg2g5][%mdl 32] With the idea e5.} fxe4 20. Bxe4 Qf6 21. Qd3 g6 22. Re2 Bd7 23. Rg2 {[%cal Re4g6] [#] And now Bxg6! would win.} Bf5 (23... Rf7 $17) 24. Bxf5 $11 Qxf5 25. Qxf5 Rxf5 {[%mdl 4096] Endgame KRR-KRR} 26. Rg5 Rf6 27. h4 ({White should try} 27. Rg3 $15) 27... Raf8 $17 28. h5 Rxf4 29. Rxf4 (29. Rc1 $17 {was called for.}) 29... Rxf4 $19 30. hxg6 $17 {KR-KR} h6 ({Don't play} 30... Rxc4 31. gxh7+ Kxh7 32. Rg2 $19) 31. Rg2 Rxc4 32. b3 Rc5 33. Re2 Kg7 34. Re6 Rc2 35. a4 h5 36. Kh1 h4 37. Re4 Kxg6 38. Rxh4 Rc5 39. Rg4+ (39. Kg2 {might work better.}) 39... Kf6 40. Rf4+ $2 {[#]} (40. Re4) 40... Ke5 $1 $19 {Black is clearly winning.} 41. Rf7 Kxd5 42. Rf3 Ke4 43. Rg3 d5 44. Kg2 d4 45. Kf2 Rc3 {( -> ...Rxg3)} 46. Rg4+ Kd3 47. Rg7 Kd2 48. Rd7 d3 {Accuracy: White = 23%, Black = 73%.} 0-1

[Event "2nd Ramco Technology Open 2019"]
[Site "Rajapalayam"]
[Date "2019.12.01"]
[Round "2.3"]
[White "Muthaiah AL"]
[Black "Infant Jose H"]
[Result "1-0"]
[WhiteElo "2363"]
[BlackElo "1423"]
[Annotator "TA"]
[PlyCount "119"]
[EventDate "2019.12.01"]
[EventType "swiss"]
[EventCountry "IND"]
[SourceTitle "playchess.com"]
[Source "ChessBase"]
[SourceQuality "1"]

{[%evp 14,119,22,33,55,24,26,13,15,8,35,37,35,20,18,22,92,104,96,88,155,148,138,147,141,138,147,41,68,0,0,8,48,46,54,-10,31,29,17,7,42,43,53,47,56,44,64,45,135,125,177,165,186,196,212,199,176,191,194,172,184,192,212,183,210,210,214,211,210,200,213,210,260,260,302,298,439,314,541,458,439,398,493,477,630,643,941,940,1073,1130,1113,1090,1994,1728,29978,29980,29980,29981,29983,29984,29984,29985,29985,29986,29987,29988,29987,29988]} 1. d4 g6 2. Nf3 Bg7 3. e4 d6 4. Bc4 Nf6 5. Qe2 O-O 6. e5 dxe5 7. dxe5 Nd5 8. O-O Nb6 {B06: Modern Defence} 9. e6 $146 {Hoping for Rd1.} ({Predecessor:} 9. Bd3 Bg4 10. Nbd2 Nc6 11. Qe3 Nd5 12. Qg5 Qd7 13. h3 Bf5 14. Bxf5 Qxf5 15. Qxf5 gxf5 16. Nc4 {½-½ (41) Brynell,S (2450)-Petrov,M (2475) Sweden 2016}) 9... Nxc4 10. exf7+ Rxf7 {The position is equal.} 11. Qxc4 {With the idea Ng5.} e6 12. Nc3 Nc6 13. Ng5 Re7 14. Be3 {Black must now prevent Rad1.} Bd7 (14... h6 $11) 15. Rad1 $16 h6 16. Nge4 Kh7 (16... Qc8 $142) 17. Nc5 Qe8 18. Qh4 {And now N3e4 would win.} b6 19. N5e4 {Threatens to win with Bxh6!} Qf8 20. Rd2 (20. Bg5 $16 Rf7 21. Nf6+ Bxf6 22. Bxf6) 20... Rae8 21. Ng5+ (21. Bg5 $14) 21... Kg8 $11 {...Bxc3 is the strong threat.} 22. Nf3 Kh7 23. Rfd1 Bc8 24. Nd4 (24. h3 $14) 24... Nxd4 25. Bxd4 e5 26. Be3 Bb7 27. Nd5 $36 {[%mdl 2048] White fights for an advantage.} Bxd5 28. Rxd5 Qf6 29. Qa4 a5 30. h3 Qe6 ({Black should play} 30... h5 $14) 31. c4 $1 $16 Rb8 (31... e4 $16 {was worth a try.}) 32. b3 h5 {[#]} 33. Rd7 $1 Rbe8 34. Bg5 Bf6 35. Bxf6 Qxf6 {[#]} 36. Rxc7 $1 {[%mdl 64] Deflection} Rxc7 37. Qxe8 $18 {[%mdl 4096] Endgame KQR-KQR} Rf7 38. Rd2 Qf4 39. Re2 Qc1+ 40. Kh2 Qf4+ 41. g3 Qf5 42. h4 e4 43. Kg1 e3 44. Qxe3 Qb1+ (44... Qf6 $142 45. Kg2 Kg7) 45. Kg2 Rb7 $2 (45... Qf5 {is a better defense.} 46. Rd2 Qf6) 46. Qe4 Qxe4+ 47. Rxe4 {KR-KR} b5 48. c5 Rc7 49. Re5 b4 50. Kf3 Kg7 51. Ke4 Kf6 52. f4 Kf7 53. Kd5 Rd7+ 54. Kc6 {White mates.} Rd2 55. Kb7 Rxa2 56. c6 Rc2 57. c7 a4 58. bxa4 b3 59. c8=Q Rxc8 60. Kxc8 {Accuracy: White = 74%, Black = 26%.} 1-0

[Event "2nd Ramco Technology Open 2019"]
[Site "Rajapalayam"]
[Date "2019.12.01"]
[Round "2.4"]
[White "Sailesh R"]
[Black "Senthil Maran K"]
[Result "0-1"]
[WhiteElo "1420"]
[BlackElo "2312"]
[Annotator "TA"]
[PlyCount "104"]
[EventDate "2019.12.01"]
[EventType "swiss"]
[EventCountry "IND"]
[SourceTitle "playchess.com"]
[Source "ChessBase"]
[SourceQuality "1"]

{[%evp 26,104,-13,-11,-8,-35,0,0,-10,-6,0,-24,0,0,3,0,0,0,0,0,20,13,19,0,8,0,0,0,0,0,0,0,45,0,10,10,16,0,14,18,4,10,39,-25,-25,-170,-180,-192,-193,-187,-204,-199,-199,-199,-201,-212,-210,-187,-191,-214,-214,-221,-122,-225,-225,-295,-295,-295,-284,-225,-225,-225,-225,-207,-207,-185,-170,-668,-613,-720,-701]} 1. e4 c5 2. Nf3 Nc6 3. d4 cxd4 4. Nxd4 g6 5. Nc3 Bg7 6. Be3 Nf6 7. Be2 O-O 8. O-O d5 9. exd5 Nb4 10. d6 Qxd6 11. Bf3 Nfd5 12. Nxd5 Nxd5 13. Bxd5 Qxd5 14. c3 b6 {B34: Sicilian: Accelerated Dragon with 5 Nc3: sidelines} 15. Qb3 Bb7 {[%csl Gb7][%cal Rd5g2] [#]} (15... Qb7 {looks sharper.} 16. Rad1 e5 17. Nb5 Be6 18. Qb4 Rfd8) 16. Qxd5 Bxd5 {The position is equal.} 17. Rfd1 e6 18. Nb5 $146 ({Predecessor:} 18. a4 a6 19. Ne2 Rab8 20. Nf4 Bc4 21. Rd7 Rfc8 22. f3 {0-1 (37) Stojanovic,D (2016)-Kislinsky,A (2556) Belgrade 2012}) 18... Be5 19. Bd4 Bf4 20. Bf6 Rfc8 21. b3 a6 22. c4 Bc6 23. Nd6 Rc7 24. Rd4 (24. f3 {with more complications.} b5 25. Kf2 Be8 26. Rd4 Bxd6 27. Rxd6 bxc4 28. Rc1) 24... Bh6 25. Rad1 Bg7 26. Ne4 Bxf6 27. Nxf6+ Kg7 28. Nd7 Rb7 29. f3 Rc8 30. Ne5 {Threatening Rd8.} Be8 31. Rd8 Rbb8 32. Rxc8 Rxc8 $11 {[%mdl 4096] Endgame KRB-KRN} 33. Rd6 Rb8 34. b4 (34. c5 $14) 34... Kf6 35. Nc6 {[#]} (35. Ng4+ $11 Ke7 36. Rd1) 35... Rc8 $1 $19 36. b5 Bxc6 $1 37. bxc6 {KR-KR} Rc7 38. Kf2 Ke7 39. Rd4 Rxc6 40. Ke3 Rd6 41. Rh4 h5 42. g4 hxg4 43. fxg4 b5 ({Better is} 43... Rc6 $19 44. Kd3 Rc5) 44. cxb5 (44. g5 $17 {was the only defense.}) 44... axb5 45. g5 Ra6 46. Rb4 Ra3+ ({But not} 46... Rxa2 47. Rxb5 Rxh2 48. Rb7+ Kf8 49. Kf3 $19) 47. Kd4 Rxa2 {aiming for ...Ra4.} 48. Rxb5 Rxh2 49. Rb7+ Kf8 50. Rb8+ Kg7 {Threatens to win with ...Rg2.} 51. Ke5 $2 (51. Ke3) 51... Rf2 52. Kd6 Rf5 {Accuracy: White = 40%, Black = 67%.} 0-1